<?xml version="1.0" encoding="UTF-8"?>
<record
    xmlns:xsi="http://www.w3.org/2001/XMLSchema-instance"
    xsi:schemaLocation="http://www.loc.gov/MARC21/slim http://www.loc.gov/standards/marcxml/schema/MARC21slim.xsd"
    xmlns="http://www.loc.gov/MARC21/slim">

  <leader>01200    a2200169   4500</leader>
  <controlfield tag="003">Nust</controlfield>
  <controlfield tag="005">20170207152526.0</controlfield>
  <datafield tag="040" ind1=" " ind2=" ">
    <subfield code="c">Nust</subfield>
  </datafield>
  <datafield tag="082" ind1=" " ind2=" ">
    <subfield code="a">004.65</subfield>
  </datafield>
  <datafield tag="100" ind1=" " ind2=" ">
    <subfield code="a">Sinha, Umesh</subfield>
  </datafield>
  <datafield tag="245" ind1=" " ind2=" ">
    <subfield code="a">Network anlysis and synthesis</subfield>
    <subfield code="c">Umesh Sinha</subfield>
  </datafield>
  <datafield tag="260" ind1=" " ind2=" ">
    <subfield code="a">New Delhi</subfield>
    <subfield code="b">Satya Parkashan</subfield>
    <subfield code="c">1994</subfield>
  </datafield>
  <datafield tag="300" ind1=" " ind2=" ">
    <subfield code="a">x,1000p</subfield>
  </datafield>
  <datafield tag="505" ind1=" " ind2=" ">
    <subfield code="a">Introduction (Page 1-19), Basic Circuits Elements  (Page 20-43), Mesh and Node Analysis  (Page 44-88), Network Topology  (Page 89-165), Differential Equations  (Page 166-229), Laplace Transformation  (Page 230-290), Singularity Functions  (Page 291-352), Fourier Series  (Page 353-420),  Network Theorems  (Page 421-456), Impedance Functions  (Page 457-525), Network Functions  (Page 526-283), Frequency Response Plots  (Page 584-628), Resonance  (Page 629-674), Analogous System  (Page 675-711), Two-Part Networks  (Page 712-761), Input Power, Power Transfer and Insertion Loss  (Page 762-789), Elements of Relizability  (Page 790-837), Driving Point Synthesis  (Page 838-882), Two Port Synthesis  (Page 883-917), Approximation  (Page 918-956), Synthesis if lattice and Constant Resistance Networks  (Page 957-976).</subfield>
  </datafield>
  <datafield tag="538" ind1=" " ind2=" ">
    <subfield code="a">Almirah No.4  Shelf No.1</subfield>
  </datafield>
  <datafield tag="650" ind1=" " ind2=" ">
    <subfield code="a">NetWork</subfield>
  </datafield>
  <datafield tag="942" ind1=" " ind2=" ">
    <subfield code="2">ddc</subfield>
    <subfield code="c">BK</subfield>
  </datafield>
  <datafield tag="999" ind1=" " ind2=" ">
    <subfield code="c">176463</subfield>
    <subfield code="d">176463</subfield>
  </datafield>
  <datafield tag="952" ind1=" " ind2=" ">
    <subfield code="0">0</subfield>
    <subfield code="1">0</subfield>
    <subfield code="2">ddc</subfield>
    <subfield code="4">0</subfield>
    <subfield code="7">0</subfield>
    <subfield code="8">NFIC</subfield>
    <subfield code="a">MCS</subfield>
    <subfield code="b">MCS</subfield>
    <subfield code="d">2016-12-12</subfield>
    <subfield code="l">0</subfield>
    <subfield code="o">004.65  SIN</subfield>
    <subfield code="p">MCS867</subfield>
    <subfield code="r">2016-12-08</subfield>
    <subfield code="w">2016-12-12</subfield>
    <subfield code="y">BK</subfield>
  </datafield>
</record>
